<?xml version="1.0" encoding="UTF-8"?>
<record
    xmlns:xsi="http://www.w3.org/2001/XMLSchema-instance"
    xsi:schemaLocation="http://www.loc.gov/MARC21/slim http://www.loc.gov/standards/marcxml/schema/MARC21slim.xsd"
    xmlns="http://www.loc.gov/MARC21/slim">

  <leader>01211nam a2200265 i 4500</leader>
  <controlfield tag="001">180320</controlfield>
  <controlfield tag="003">ES-MaACL</controlfield>
  <controlfield tag="005">20240529101717.0</controlfield>
  <controlfield tag="008">120528s2007    sp     | |||||||| | spa d</controlfield>
  <datafield tag="020" ind1=" " ind2=" ">
    <subfield code="a">978-84-96452-37-4</subfield>
  </datafield>
  <datafield tag="080" ind1=" " ind2=" ">
    <subfield code="a">821.134.2-22"16"</subfield>
  </datafield>
  <datafield tag="100" ind1="1" ind2=" ">
    <subfield code="a">Molina, Tirso de,</subfield>
    <subfield code="d">1579-1648</subfield>
    <subfield code="9">226522</subfield>
  </datafield>
  <datafield tag="245" ind1="1" ind2="0">
    <subfield code="a">Tercera parte de las comedias / </subfield>
    <subfield code="c">Tirso de Molina ; edici&#xF3;n de M&#xAA; del Pilar Palomo y Isabel Prieto.</subfield>
  </datafield>
  <datafield tag="260" ind1=" " ind2=" ">
    <subfield code="a">Madrid : </subfield>
    <subfield code="b">Fundaci&#xF3;n Jos&#xE9; Antonio de Castro, </subfield>
    <subfield code="c">[2007]</subfield>
  </datafield>
  <datafield tag="300" ind1=" " ind2=" ">
    <subfield code="a">XXXVI, 1299 p. ; </subfield>
    <subfield code="c">23 cm.</subfield>
  </datafield>
  <datafield tag="490" ind1="1" ind2=" ">
    <subfield code="a">Biblioteca Castro</subfield>
  </datafield>
  <datafield tag="490" ind1="1" ind2=" ">
    <subfield code="a">Obras completas de Tirso de Molina ; </subfield>
    <subfield code="v">5</subfield>
  </datafield>
  <datafield tag="505" ind1="8" ind2=" ">
    <subfield code="a">Contiene: Del enemigo, el primer consejo. No hay peor sordo... La mejor espigadera. Aver&#xED;g&#xFC;elo Vargas. La elecci&#xF3;n por la virtud. Ventura te d&#xE9; Dios, hijo. La prudencia en la mujer. La venganza de Tamar. La villana de la Sagra. El amor y el amistad. La fingida Arcadia. La huerta de Juan Fern&#xE1;ndez</subfield>
  </datafield>
  <datafield tag="700" ind1="1" ind2=" ">
    <subfield code="a">Prieto, Isabel.</subfield>
    <subfield code="9">150141</subfield>
  </datafield>
  <datafield tag="700" ind1="1" ind2=" ">
    <subfield code="a">Palomo, Mar&#xED;a del Pilar, </subfield>
    <subfield code="d">1933-</subfield>
    <subfield code="9">144616</subfield>
  </datafield>
  <datafield tag="830" ind1="0" ind2=" ">
    <subfield code="a">Biblioteca Castro</subfield>
    <subfield code="9">178957</subfield>
  </datafield>
  <datafield tag="830" ind1="0" ind2=" ">
    <subfield code="a">Obras completas de Tirso de Molina ; </subfield>
    <subfield code="v">5</subfield>
    <subfield code="9">191247</subfield>
  </datafield>
  <datafield tag="852" ind1=" " ind2=" ">
    <subfield code="a">ES-MaACL</subfield>
    <subfield code="j">L-29900</subfield>
  </datafield>
  <datafield tag="999" ind1=" " ind2=" ">
    <subfield code="c">180320</subfield>
    <subfield code="d">180320</subfield>
  </datafield>
  <datafield tag="952" ind1=" " ind2=" ">
    <subfield code="0">0</subfield>
    <subfield code="1">0</subfield>
    <subfield code="4">0</subfield>
    <subfield code="7">0</subfield>
    <subfield code="a">ATENEOM</subfield>
    <subfield code="b">ATENEOM</subfield>
    <subfield code="c">DEPO2</subfield>
    <subfield code="d">2012-05-28</subfield>
    <subfield code="e">DON</subfield>
    <subfield code="l">0</subfield>
    <subfield code="o">L-29900</subfield>
    <subfield code="p">1189475</subfield>
    <subfield code="r">2023-02-23 00:00:00</subfield>
    <subfield code="w">2023-02-23</subfield>
    <subfield code="y">MONOGRAFIA</subfield>
  </datafield>
</record>
